Poviedky z úprimnosti. /Cortazár, Julio./

Bibliographic Details
Main Authors: P.B (Author), Brabenec, Peter (Author)
Format: Article
Language:Slovak
Subjects:

MARC

LEADER 00000nab a2200000 a 4500
001 vtls000055418
003 SK-MaSNL
005 20260304064504.0
008 250422c1980 xo 0 slo
015 |a SNBRB19rr/mm-uuuuu 
035 |a CL0065515 
035 |a urn:nbn:sk:snk-abb8o3 
035 |a (urnnbn)urn:nbn:sk:snk:ar-0057jn 
035 |a (uuid)3c411c5f-0e03-47e5-996c-f2f063583771 
040 |a SNKBUCL  |b slo  |c SNKBUCL  |e AACR2 
041 0 |a slo 
044 |a xo  |c SK 
080 |a 82:929:860  |2 1981 
080 |a 860  |2 1981 
080 |a 92 Cortazár, Julio  |2 1981 
100 1 |a P.B.  |4 aut  |9 957049 
245 1 0 |a Poviedky z úprimnosti. /Cortazár, Julio./  |c P.B. ; Peter Brabenec 
600 1 7 |a Cortázar, Julio,  |d 1914-1984  |2 snkbucl  |9 108780 
655 7 |a články z novín a časopisov  |2 snkbucl  |9 267496 
700 1 |a Brabenec, Peter  |4 aut  |9 302461 
773 0 |t Revue svetovej literatúry  |g Roč. 18, č. 2 (1980), s. 130-131 
850 |a Slovenská národná knižnica 
852 |a Slovenská národná knižnica 
958 |a article15 
958 |a OND 
958 |a RK 
958 |a LX 
958 |a EUIPO 
999 |c 2746621  |d 2748551